Presidents of Cuba by Picture - Statistics

General Stats
  • This quiz has been taken 19 times
  • The average score is 11 of 24
Answer Stats
Picture Hint Answer % Correct
1976-2008 Fidel Castro
100%
2008-2018 Raúl Castro
100%
1940-1944 | 1952-1954 | 1955-1959 Fulgencio Batista
88%
2018-Present Miguel Díaz-Canel
59%
1921-1925 Alfredo Zayas y Alfonso
41%
1934 Carlos Hevia
41%
1933 Carlos Manuel de Céspedes y Quesada
41%
1948-1952 Carlos Prío Socarrás
41%
1936-1940 Federico Laredo Brú
41%
1925-1933 Gerardo Machado
41%
1909-1913 José Miguel Gómez
41%
1959 Manuel Urrutia Lleó
41%
1913-1921 Mario García Menocal
41%
1936 Miguel Mariano Gómez
41%
1959-1976 Osvaldo Dorticós Torrado
41%
1933-1934 | 1944-1948 Ramón Grau
41%
1902-1906 Tomás Estrada Palma
41%
1933 Alberto Herrera Franchi
35%
1959 Carlos Manuel Piedra
35%
1934-1935 Carlos Mendieta
35%
1935-1936 José Agripino Barnet
35%
1934 Manuel Márquez Sterling
35%
1954-1955 Andrés Domingo y Morales del Castillo
29%
1959 Anselmo Alliegro y Milá
29%
No matching quizzes found
Score Distribution
Percent of People with Each Score
Percentile by Number Answered
Your Score History
You have not taken this quiz